Hướng nghiệp 4.0
Quyển sách về hướng nghiệp này sẽ cung cấp cho độc giả ba phần quan trọng về nội dung này, bao gồm: tổng quan về cách mạng 4.0, hướng nghiệp căn bản và hướng nghiệp 4.0 nhằm giúp các bạn học sinh những kiến thức căn bản để xác định và...
Enregistré dans:
| Auteur principal: | |
|---|---|
| Autres auteurs: | |
| Format: | Livre |
| Langue: | Vietnamese |
| Publié: |
H.
Thanh niên
2018
|
| Sujets: | |
| Tags: |
Ajouter un tag
Pas de tags, Soyez le premier à ajouter un tag!
|
| Thư viện lưu trữ: | Thư viện Trường Đại học Nam Cần Thơ |
|---|
| LEADER | 02770nam a22003257a 4500 | ||
|---|---|---|---|
| 001 | NCT_68245 | ||
| 008 | 190906b xxu||||| |||| 00| 0 vie d | ||
| 999 | |c 3300 |d 3300 | ||
| 020 | |a 9786046498704 |c 150000 | ||
| 082 | 0 | 4 | |2 23rd ed. |a 331.702 |b A107 |
| 100 | 1 | |a Vũ Tuấn Anh | |
| 245 | 1 | 0 | |a Hướng nghiệp 4.0 |c Vũ Tuấn Anh, Đào Trung Thành |
| 260 | |a H. |b Thanh niên |c 2018 | ||
| 300 | |a 255 tr. |c 21cm | ||
| 520 | 3 | |a Quyển sách về hướng nghiệp này sẽ cung cấp cho độc giả ba phần quan trọng về nội dung này, bao gồm: tổng quan về cách mạng 4.0, hướng nghiệp căn bản và hướng nghiệp 4.0 nhằm giúp các bạn học sinh những kiến thức căn bản để xác định và lựa chọn nghề nghiệp phù hợp trong thời đại 4.0. | |
| 653 | |a Sách tham khảo | ||
| 700 | 1 | |a Đào Trung Thành | |
| 942 | |2 ddc |c BK | ||
| 952 | |0 0 |1 0 |2 ddc |4 0 |6 331_702000000000000_A107 |7 0 |9 17643 |a 000001 |b 000001 |d 2019-09-06 |o 331.702 A107 |p TK.01647 |r 2019-09-06 |v 150000.00 |w 2019-09-06 |y BK | ||
| 952 | |0 0 |1 0 |2 ddc |4 0 |6 331_702000000000000_A107 |7 0 |9 17644 |a 000001 |b 000001 |d 2019-09-06 |o 331.702 A107 |p TK.01648 |r 2019-09-06 |v 150000.00 |w 2019-09-06 |y BK | ||
| 952 | |0 0 |1 0 |2 ddc |4 0 |6 331_702000000000000_A107 |7 0 |9 17645 |a 000001 |b 000001 |d 2019-09-06 |o 331.702 A107 |p TK.01649 |r 2019-09-06 |v 150000.00 |w 2019-09-06 |y BK | ||
| 952 | |0 0 |1 0 |2 ddc |4 0 |6 331_702000000000000_A107 |7 0 |9 17646 |a 000001 |b 000001 |d 2019-09-06 |l 1 |o 331.702 A107 |p TK.01650 |r 2021-04-04 |s 2021-03-24 |v 150000.00 |w 2019-09-06 |y BK | ||
| 952 | |0 0 |1 0 |2 ddc |4 0 |6 331_702000000000000_A107 |7 0 |9 17647 |a 000001 |b 000001 |d 2019-09-06 |l 1 |o 331.702 A107 |p TK.01651 |r 2021-03-19 |s 2021-03-10 |v 150000.00 |w 2019-09-06 |y BK | ||
| 952 | |0 0 |1 0 |2 ddc |4 0 |6 331_702000000000000_A107 |7 0 |9 17648 |a 000001 |b 000001 |d 2019-09-06 |o 331.702 A107 |p TK.01652 |r 2019-09-06 |v 150000.00 |w 2019-09-06 |y BK | ||
| 952 | |0 0 |1 0 |2 ddc |4 0 |6 331_702000000000000_A107 |7 0 |9 17649 |a 000001 |b 000001 |d 2019-09-06 |o 331.702 A107 |p TK.01653 |r 2019-09-06 |v 150000.00 |w 2019-09-06 |y BK | ||
| 952 | |0 0 |1 0 |2 ddc |4 0 |6 331_702000000000000_A107 |7 0 |9 17650 |a 000001 |b 000001 |d 2019-09-06 |o 331.702 A107 |p TK.01654 |r 2019-09-06 |v 150000.00 |w 2019-09-06 |y BK | ||
| 952 | |0 0 |1 0 |2 ddc |4 0 |6 331_702000000000000_A107 |7 0 |9 17651 |a 000001 |b 000001 |d 2019-09-06 |o 331.702 A107 |p TK.01655 |r 2019-09-06 |v 150000.00 |w 2019-09-06 |y BK | ||
| 952 | |0 0 |1 0 |2 ddc |4 0 |6 331_702000000000000_A107 |7 0 |9 17652 |a 000001 |b 000001 |d 2019-09-06 |o 331.702 A107 |p TK.01656 |r 2019-09-06 |v 150000.00 |w 2019-09-06 |y BK | ||
| 952 | |0 0 |1 0 |2 ddc |4 0 |6 331_702000000000000_A107 |7 0 |9 17653 |a 000001 |b 000001 |d 2019-09-06 |o 331.702 A107 |p TK.01657 |r 2019-09-06 |v 150000.00 |w 2019-09-06 |y BK | ||
| 980 | |a Thư viện Trường Đại học Nam Cần Thơ | ||


